31! VS AIDS

I tiakina i:
Ngā taipitopito rārangi puna kōrero
Ētahi atu kaituhi: Farassino, Caterina
Hōputu: Pukapuka
Reo:Ingarihi
I whakaputaina: Torino Mariogros 2005
Ngā Tūtohu: Tāpirihia he Tūtohu
Kāore He Tūtohu, Me noho koe te mea tuatahi ki te tūtohu i tēnei pūkete!

MARC

LEADER 00000nam a2200000 4500
005 20231101230350.0
008 231101b |||||||| |||| 00| 0 eng d
040 |c C 
245 |a 31! VS AIDS 
260 |a Torino  |b Mariogros  |c 2005 
700 |a Farassino, Caterina 
942 |2 ddc  |c BK  |n 0 
952 |0 0  |1 0  |2 ddc  |4 0  |6 779_092000000000000_FAR_31  |7 1  |9 36  |a GE  |b GE  |d 2013-10-19  |l 0  |o 779.092 FAR 31!  |p 1361  |r 2023-11-01 23:02:04  |w 2023-11-01  |y BK 
999 |c 34  |d 34